Calixthe Beyala : Analyse sémiotique de "Tu t'appelleras Tanga" (notice n° 1509456)
[ vue normale ]
| 000 -LEADER | |
|---|---|
| fixed length control field | 00798cam a2200133 4500500 |
| 005 - DATE AND TIME OF LATEST TRANSACTION | |
| control field | 20250921011900.0 |
| 041 ## - LANGUAGE CODE | |
| Language code of text/sound track or separate title | fre |
| 042 ## - AUTHENTICATION CODE | |
| Authentication code | dc |
| 100 10 - MAIN ENTRY--PERSONAL NAME | |
| Personal name | Sale, Charles |
| Relator term | author |
| 245 00 - TITLE STATEMENT | |
| Title | Calixthe Beyala : Analyse sémiotique de "Tu t'appelleras Tanga" |
| 260 ## - PUBLICATION, DISTRIBUTION, ETC. | |
| Name of publisher, distributor, etc. | L'Harmattan,<br/> |
| Date of publication, distribution, etc. | 2005.<br/> |
| 520 ## - SUMMARY, ETC. | |
| Summary, etc. | Charles Salé procède à l'autopsie des structures narratives de l'oeuvre et du sens qui découle de l'architecture formelle du roman. Il opte pour le décodage des aspects de l'écriture de Beyala qui est essentiellement dissidente et iconoclaste. Avec une indéniable rigueur scientifique, il dévoile le parti-pris contestataire de l'oeuvre sur les normes du roman classique. |
| 856 41 - ELECTRONIC LOCATION AND ACCESS | |
| Uniform Resource Identifier | <a href="https://shs.cairn.info/Calixthe-Beyala--9782747597166?lang=fr&redirect-ssocas=7080">https://shs.cairn.info/Calixthe-Beyala--9782747597166?lang=fr&redirect-ssocas=7080</a> |
Pas d'exemplaire disponible.




Réseaux sociaux